los títulos del Real Madrid - Estadísticas

Estadísticas generales
  • Esta prueba ha sido intentada 350 veces
  • La puntuación promedio es 10 de 10
Estadísticas de respuestas
Hint Respuesta % Correcto
Domestic Liga 33
99%
Continent European Cup / UEFA Champions League 12
96%
Domestic Copa del Rey 19
96%
Continent UEFA Cup 2
95%
Worldwide FIFA Club World Cup 3
95%
Continent UEFA Super Cup 4
95%
Domestic Copa de la Liga 1
94%
Domestic Copa Eva Duarte 1
94%
Domestic Supercopa de España 10
94%
Worldwide Intercontinental Cup 3
94%
No se encontraron pruebas coincidentes
Distribución de puntuación
Porcentaje de gente con cada puntuación
Porcentaje por número respondido
Historial de tus puntuaciones
No has intentado esta prueba.